Statistiken für Franz Beckenbauer

Klicken Sie hier um das Quiz zu spielen!

Allgemein

  • Dieses Quiz wurde 96 mal gespielt
  • Das Durchschnittsergebnis liegt bei 10 aus 15

Antwortstatistiken

HintAntwort% Korrekt
Profi Verein in dem Beckenbauer seine Karriere begannBayern München
95%
Spielerposition die Beckenbauer verkörperlichte und perfektionierte
Libero
94%
Jahr in dem Beckenbauer als Spieler Fußballweltmeister wurde1974
90%
Land in dem Beckenbauer als Trainer Fußballweltmeister wurdeItalien
85%
Der einzige andere deutsche Profiverein in dem Beckenbauer
jemals gespielt hat
Hamburger SV
81%
Beckenbauer war als Jugendlicher ein Fan dieses deutschen Vereins1860 München
77%
Französicher Profiverein in dem Beckenbauer als Direktor arbeiteteOlympique Marseille
69%
Nordamerikanischer Profiverein in dem Beckenbauer spielteNew York Cosmos
67%
Deutscher Medien- und Fernsehpreis den Beckenbauer 1986, 1990, 1995, und 2000 gewannBambi
58%
Beckenbauer ist der einzige Verteidiger der diese Spielerauszeichnung zweimal gewonnen hatBallon d'Or
56%
Im Wembley Finale von 1966 deckte Beckenbauer diesen legendären Spieler Mann gegen MannBobby Charlton
50%
Wie oft hat Beckenbauer für die deutsche Nationalmanschaft gepielt?103
49%
Münchner Stadtteil in dem Beckenbauer aufwuchsGiesing
48%
Beckenbauer war im "Fußballspiel der Philosophen" aufgestellt, ein Sketch dieser britischen KomikertruppeMonty Python
30%
Beckenbauers zweiter VornameAnton
27%

Verteilung der Resultate

Perzentil nach korrekt beantworteten Fragen

Anzahl Personen mit jedem Resultat

Ihre Resultats-Entwicklung

Sie haben dieses Quiz noch nicht gespielt